| 000 | 00965 a2200205 4500 | ||
|---|---|---|---|
| 003 | Nust | ||
| 005 | 20230126130822.0 | ||
| 010 | _a 00052290 | ||
| 020 | _a076682764X (alk. paper) | ||
| 040 | _cNust | ||
| 082 | 0 | 0 | _a910.285,DAV |
| 100 | 1 |
_aDavis, Bruce Ellsworth. _9107770 |
|
| 245 | 1 | 0 |
_aGIS : _ba visual approach / _cBruce E. Davis. |
| 250 | _a2nd ed. | ||
| 260 |
_aAlbany, N.Y. : _bDelmar Thomson Learning, _cc2001. |
||
| 300 |
_ax, 438 p. : _bill., maps ; _c24 cm. |
||
| 505 | _aGIS and The Information Age (Page-1), Geographic Data and the Database (Page-29), Raster and Vector Data (Page-61), Topology (Page-93), Data Entry (Page-109), Data Quality and Management (Page-157), Inventory Operations (Page-199), Basic Analysis (Page-225), Advanced Analysis (Page-269), Site Suitability and Models (Page-317), GIS Output (Page-349), The Future of GIS and GIS in the Future (Page-395). | ||
| 650 | 0 |
_aGeographic information systems. _96117 |
|
| 942 |
_2ddc _cBK |
||
| 999 |
_c186912 _d186912 |
||